00333nam a2200133Ia 4500008004100000041000800041082001500049100002300064245003000087260003400117300001200151365000700163650002900170210719s1996 xx 000 0 und d aeng a929.2 DSOH aDSOUZA (Wilfred R) aHistory of the mudarthas. aUdupibWilfred R Dsouzac1996 a234bPB cRs aGenealogy,Names,Insignia